[Event "FIN-chT2 Gp4 1516"]
[Site "Finland"]
[Date "2015.10.10"]
[Round "1.1"]
[White "Ketola, Ville"]
[Black "Peuraniemi, Pertti"]
[Result "1-0"]
[WhiteElo "2116"]
[BlackElo "1987"]
[PlyCount "137"]
[EventDate "2015.09.12"]
[EventType "team-tourn"]
[EventRounds "7"]
[EventCountry "FIN"]
[SourceTitle "EXT 2017"]
[Source "ChessBase"]
[SourceDate "2016.10.25"]
[SourceVersion "1"]
[SourceVersionDate "2016.10.25"]
[SourceQuality "1"]
[WhiteTeam "Eura SK"]
[BlackTeam "Oulu OSS II"]
[WhiteTeamCountry "FIN"]
[BlackTeamCountry "FIN"]

1. e4 e6 2. d4 d5 3. Nc3 Nf6 4. Bg5 Bb4 5. e5 h6 6. exf6 hxg5 7. fxg7 Rg8 8. h4 gxh4 9. Qg4 Qf6 10. Qxh4 Qxg7 11. Qh7 a6 12. Qxg7 Rxg7 13. Rh8+ Kd7 14. 0-0-0 Nc6 15. g3 Bxc3 16. bxc3 b5 17. Nf3 Bb7 18. Rxa8 Bxa8 19. Bd3 Na5 20. Rh1 f6 21. Rh8 Bc6 22. Nh4 Nc4 23. Ng6 Nd6 24. Rf8 Rf7 25. Rg8 Ne4 26. Bxe4 dxe4 27. Kd2 Bd5 28. a3 Bb7 29. Ke3 Bd5 30. g4 Kc6 31. g5 Kb6 32. Nh8 Rh7 33. gxf6 e5 34. Rd8 Rh3+ 35. Kd2 exd4 36. cxd4 Bc4 37. f7 Rxh8 38. Rxh8 Bxf7 39. Ke3 Bd5 40. c3 Ka5 41. Rd8 c6 42. Ra8 Kb6 43. Kd2 Ka5 44. Kc1 Kb6 45. Kc2 Kb7 46. Re8 Kb6 47. Re7 Ka5 48. Rg7 Ka4 49. Ra7 Ka5 50. Ra8 Kb6 51. Kd2 Kb7 52. Re8 Kb6 53. Ke3 Ka5 54. Ra8 Kb6 55. Kf4 Kb7 56. Re8 Kb6 57. Rxe4 Ka5 58. Re5 Ka4 59. Rxd5 cxd5 60. Ke5 Kxa3 61. f4 Kb2 62. f5 Kxc3 63. f6 b4 64. f7 b3 65. f8Q b2 66. Qc8+ Kd2 67. Qb7 Kc2 68. Qxa6 b1Q 69. Qg6+ 1-0

[Event "FIN-chT2 Gp4 1516"]
[Site "Finland"]
[Date "2015.10.10"]
[Round "2.1"]
[White "Lauronen, Timo"]
[Black "Ketola, Ville"]
[Result "1/2-1/2"]
[WhiteElo "1990"]
[BlackElo "2116"]
[PlyCount "53"]
[EventDate "2015.09.12"]
[EventType "team-tourn"]
[EventRounds "7"]
[EventCountry "FIN"]
[SourceTitle "EXT 2017"]
[Source "ChessBase"]
[SourceDate "2016.10.25"]
[SourceVersion "1"]
[SourceVersionDate "2016.10.25"]
[SourceQuality "1"]
[WhiteTeam "Oulainen"]
[BlackTeam "Eura SK"]
[WhiteTeamCountry "FIN"]
[BlackTeamCountry "FIN"]

1. Nf3 Nf6 2. g3 g6 3. Bg2 Bg7 4. 0-0 0-0 5. c4 c5 6. d4 cxd4 7. Nxd4 Nc6 8. Nxc6 dxc6 9. Qb3 Qc7 10. Na3 e5 11. Bd2 Be6 12. Rad1 Rfe8 13. Qc2 Rad8 14. e4 a6 15. c5 Rd7 16. Nc4 Bxc4 17. Qxc4 Red8 18. Qc2 Rd4 19. Bc3 Rxd1 20. Rxd1 Rxd1+ 21. Qxd1 Nd7 22. b4 Nf8 23. Bh3 Ne6 24. Bxe6 fxe6 25. Qd3 Kf7 26. Kf1 Qe7 27. Bd2 1/2-1/2

[Event "Brno CEZ op"]
[Site "Brno"]
[Date "2014.08.30"]
[Round "8"]
[White "Ketola, Ville"]
[Black "Miculka, Petr"]
[Result "0-1"]
[WhiteElo "2121"]
[BlackElo "2029"]
[PlyCount "104"]
[EventDate "2014.08.24"]
[EventType "swiss"]
[EventRounds "9"]
[EventCountry "CZE"]
[SourceTitle "CBM 162 Extra"]
[Source "ChessBase"]
[SourceDate "2014.10.17"]
[SourceVersion "1"]
[SourceVersionDate "2014.10.17"]
[SourceQuality "1"]

1. e4 c5 2. Nf3 Nc6 3. d4 cxd4 4. Nxd4 Nf6 5. Nc3 e5 6. Nxc6 bxc6 7. Bc4 Bb4 8. 0-0 0-0 9. Bg5 d6 10. Qf3 Be6 11. Bb3 h6 12. Bh4 g5 13. Bg3 Qe7 14. h4 Bg4 15. Qd3 Nh5 16. Na4 gxh4 17. Bh2 Qg5 18. c3 Ba5 19. Bd1 Rad8 20. f4 exf4 21. Bxg4 Qxg4 22. Qf3 f5 23. exf5 Qxf3 24. Rxf3 Rxf5 25. Raf1 Re8 26. Bxf4 Re4 27. b4 Nxf4 28. bxa5 Rxa4 29. Kh2 Kf7 30. a6 Kf6 31. a3 Kg5 32. g3 hxg3+ 33. Rxg3+ Kf6 34. Rgf3 Rh5+ 35. Kg1 Rg5+ 36. Kh2 Ke5 37. R1f2 Rf5 38. Rf1 Rxa6 39. Re1+ Kd5 40. Rd1+ Kc5 41. Rd4 Rh5+ 42. Kg3 Ne2+ 43. Kg4 Rg5+ 44. Kh4 Nxd4 45. cxd4+ Kxd4 46. Rf6 d5 47. Rf4+ Ke3 48. Rf6 Ra4+ 49. Kh3 Rxa3 50. Re6+ Kf2+ 51. Kh4 Ra4+ 52. Kh3 Rg3+ 0-1

[Event "Brno CEZ op"]
[Site "Brno"]
[Date "2014.08.27"]
[Round "5"]
[White "Kucera, Petr"]
[Black "Ketola, Ville"]
[Result "0-1"]
[WhiteElo "1981"]
[BlackElo "2121"]
[PlyCount "30"]
[EventDate "2014.08.24"]
[EventType "swiss"]
[EventRounds "9"]
[EventCountry "CZE"]
[SourceTitle "CBM 162 Extra"]
[Source "ChessBase"]
[SourceDate "2014.10.17"]
[SourceVersion "1"]
[SourceVersionDate "2014.10.17"]
[SourceQuality "1"]

1. e4 c6 2. Ne2 d5 3. e5 Nh6 4. Nf4 Bf5 5. Be2 e6 6. g4 Be4 7. f3 Qh4+ 8. Kf1 Nxg4 9. fxg4 Bxh1 10. d3 Qxh2 11. Bf3 Bc5 12. d4 Bxf3 13. Qxf3 Bxd4 14. Nc3 Nd7 15. Nh5 0-0-0 0-1

[Event "Brno CEZ op"]
[Site "Brno"]
[Date "2014.08.24"]
[Round "2"]
[White "Ketola, Ville"]
[Black "Polak, Tomas"]
[Result "0-1"]
[WhiteElo "2121"]
[BlackElo "2511"]
[PlyCount "74"]
[EventDate "2014.08.24"]
[EventType "swiss"]
[EventRounds "9"]
[EventCountry "CZE"]
[SourceTitle "CBM 162 Extra"]
[Source "ChessBase"]
[SourceDate "2014.10.17"]
[SourceVersion "1"]
[SourceVersionDate "2014.10.17"]
[SourceQuality "1"]

1. e4 b6 2. d4 Bb7 3. Nc3 e6 4. Bd3 Nf6 5. Nf3 Bb4 6. Qe2 d5 7. exd5 Qxd5 8. 0-0 Bxc3 9. bxc3 0-0 10. Qe5 c5 11. dxc5 bxc5 12. Rd1 Nbd7 13. Bxh7+ Kxh7 14. Rxd5 Nxe5 15. Rxe5 Bxf3 16. gxf3 c4 17. Rc5 Rfc8 18. Rxc8 Rxc8 19. Rb1 Nd5 20. Bd2 Kg6 21. Rb7 Rc7 22. Rxc7 Nxc7 23. Kf1 Nd5 24. Ke2 Kh5 25. Kf1 Kh4 26. Kg2 g5 27. h3 Nf4+ 28. Bxf4 gxf4 29. Kh2 f6 30. Kg2 f5 31. Kh2 e5 32. Kg2 e4 33. Kh2 e3 34. fxe3 fxe3 35. Kg2 f4 36. a3 a6 37. a4 a5 0-1

[Event "Brno Duras op-A"]
[Site "Brno"]
[Date "2014.07.05"]
[Round "8"]
[White "Kraus, Tomas"]
[Black "Ketola, Ville"]
[Result "1-0"]
[WhiteElo "2388"]
[BlackElo "2116"]
[PlyCount "93"]
[EventDate "2014.06.28"]
[EventType "swiss"]
[EventRounds "9"]
[EventCountry "CZE"]
[SourceTitle "CBM 161 Extra"]
[Source "ChessBase"]
[SourceDate "2014.08.29"]
[SourceVersion "1"]
[SourceVersionDate "2014.08.29"]
[SourceQuality "1"]

1. c4 c5 2. Nc3 g6 3. e3 Bg7 4. d4 cxd4 5. exd4 Nf6 6. d5 d6 7. Be2 0-0 8. h3 Nbd7 9. Nf3 Nc5 10. 0-0 Nfe4 11. Nxe4 Nxe4 12. Rb1 Nc5 13. Nd4 Bd7 14. Re1 Rc8 15. b3 Ne4 16. Bb2 Nf6 17. Bf1 Re8 18. a4 Qb6 19. Qd2 a6 20. a5 Qc7 21. Rbc1 h5 22. Bd3 Kh7 23. Nf3 Bh6 24. Ng5+ Kg8 25. Bd4 Bf5 26. Bxf5 gxf5 27. f4 Bxg5 28. fxg5 Ne4 29. Qd1 e5 30. dxe6 fxe6 31. Qxh5 Qh7 32. Qxh7+ Kxh7 33. h4 Kg6 34. g4 e5 35. Bf2 Rh8 36. Rcd1 Rc6 37. gxf5+ Kxf5 38. Rf1 Kg4 39. Be1 Nc5 40. Rd2 Nxb3 41. Rg2+ Kh5 42. g6 d5 43. g7 Rg8 44. Rf8 Rxg7 45. Rxg7 Kh6 46. Rg5 Kh7 47. cxd5 1-0

[Event "Brno Duras op-A"]
[Site "Brno"]
[Date "2014.07.02"]
[Round "5"]
[White "Danek, Daniel"]
[Black "Ketola, Ville"]
[Result "0-1"]
[WhiteElo "1905"]
[BlackElo "2116"]
[PlyCount "112"]
[EventDate "2014.06.28"]
[EventType "swiss"]
[EventRounds "9"]
[EventCountry "CZE"]
[SourceTitle "CBM 161 Extra"]
[Source "ChessBase"]
[SourceDate "2014.08.29"]
[SourceVersion "1"]
[SourceVersionDate "2014.08.29"]
[SourceQuality "1"]

1. d4 Nf6 2. Bg5 d5 3. Bxf6 exf6 4. e3 Bd6 5. c4 0-0 6. Nc3 dxc4 7. Bxc4 c6 8. Nge2 f5 9. d5 a6 10. a4 Qf6 11. 0-0 Bxh2+ 12. Kxh2 Qh4+ 13. Kg1 Qxc4 14. Nf4 Nd7 15. Rc1 Qb4 16. Qc2 Ne5 17. Rfd1 Bd7 18. Rd4 Qe7 19. a5 cxd5 20. Nfxd5 Qg5 21. Qd1 Nc6 22. Ne7+ Qxe7 23. Rxd7 Qb4 24. Nd5 Qxa5 25. Rxb7 Rad8 26. Rxc6 Rxd5 27. Qe2 Qa4 28. Rc4 Qa1+ 29. Kh2 g6 30. Rd4 Re5 31. Rbb4 Qa5 32. Ra4 Qc7 33. Kg1 a5 34. Qd2 Rc5 35. Qe2 Rc8 36. Ra1 Rb8 37. Rd2 Qe5 38. Rad1 Kg7 39. Rd4 f4 40. e4 Rcb5 41. Qc4 Rc5 42. Qe2 h5 43. Kh1 Rb3 44. f3 Re3 45. Qd2 Rb3 46. Qe2 Rcb5 47. R1d2 Re3 48. Qf2 Qe7 49. Kg1 Qc5 50. Qf1 Rxb2 51. Rxb2 Qxd4 52. Qf2 Qd1+ 53. Kh2 Re1 54. g3 Rh1+ 55. Kg2 fxg3 56. Kxg3 Qd6+ 0-1

[Event "Brno Duras op-A"]
[Site "Brno"]
[Date "2014.07.01"]
[Round "4"]
[White "Ketola, Ville"]
[Black "Kredl, Karel"]
[Result "1/2-1/2"]
[WhiteElo "2116"]
[BlackElo "2088"]
[PlyCount "79"]
[EventDate "2014.06.28"]
[EventType "swiss"]
[EventRounds "9"]
[EventCountry "CZE"]
[SourceTitle "CBM 161 Extra"]
[Source "ChessBase"]
[SourceDate "2014.08.29"]
[SourceVersion "1"]
[SourceVersionDate "2014.08.29"]
[SourceQuality "1"]

1. e4 e5 2. Nf3 Nc6 3. d4 exd4 4. c3 d5 5. exd5 Qxd5 6. cxd4 Bg4 7. Be2 Bb4+ 8. Nc3 Bxf3 9. Bxf3 Qc4 10. Bxc6+ bxc6 11. Qe2+ Qxe2+ 12. Kxe2 Ne7 13. Be3 0-0-0 14. Rhd1 Rhe8 15. Rd3 Nf5 16. Rad1 c5 17. dxc5 Rxd3 18. Kxd3 Nxe3 19. fxe3 Bxc3 20. Kxc3 Rxe3+ 21. Kc4 Re2 22. b4 Rxa2 23. c6 Rc2+ 24. Kd5 Rxg2 25. Re1 Kd8 26. Ra1 Ke7 27. Re1+ Kd8 28. Ra1 Ke7 29. Re1+ Kd8 30. Ra1 Rg5+ 31. Kc4 Rg6 32. b5 Rg4+ 33. Kc5 Rg5+ 34. Kb4 Rg4+ 35. Kc5 Rg5+ 36. Kb4 Rg2 37. Rd1+ Kc8 38. Re1 Kd8 39. Rd1+ Kc8 40. Re1 1/2-1/2

[Event "Brno Duras op-A"]
[Site "Brno"]
[Date "2014.06.30"]
[Round "3"]
[White "Kucera, Petr"]
[Black "Ketola, Ville"]
[Result "0-1"]
[WhiteElo "1987"]
[BlackElo "2116"]
[PlyCount "102"]
[EventDate "2014.06.28"]
[EventType "swiss"]
[EventRounds "9"]
[EventCountry "CZE"]
[SourceTitle "CBM 161 Extra"]
[Source "ChessBase"]
[SourceDate "2014.08.29"]
[SourceVersion "1"]
[SourceVersionDate "2014.08.29"]
[SourceQuality "1"]

1. e4 d5 2. Nf3 dxe4 3. Ng5 Nf6 4. Bc4 e6 5. Nc3 Be7 6. 0-0 0-0 7. Ncxe4 b6 8. Qf3 c6 9. d3 h6 10. Nxf6+ Bxf6 11. Ne4 Kh7 12. d4 Be7 13. c3 f5 14. Bd3 Ba6 15. Bxa6 Nxa6 16. Ng3 Qd5 17. Qe2 Nc7 18. Nh5 Bd6 19. Nf4 Qe4 20. Qxe4 fxe4 21. g3 Nd5 22. Ng2 e5 23. dxe5 Bxe5 24. Re1 Nxc3 25. Re3 Nd1 26. Rxe4 Nxf2 27. Re1 Bd4 28. Be3 Nh3+ 29. Kh1 Bxb2 30. Rab1 Bf6 31. a4 Rfe8 32. Rec1 Re6 33. a5 c5 34. Bf4 Nf2+ 35. Kg1 Bd4 36. Kf1 Ng4 37. Ne1 g5 38. Bc7 Rf8+ 39. Kg2 Re2+ 40. Kh3 h5 41. Rc2 Rff2 42. Rxe2 Rxe2 43. Nf3 Nf2+ 44. Kg2 Nh3+ 45. Kh1 g4 46. Nxd4 cxd4 47. Bxb6 axb6 48. axb6 Ng5 49. Kg1 Nf3+ 50. Kf1 Re8 51. b7 Nd2+ 0-1

[Event "FIN Team Cup"]
[Site "Finland"]
[Date "2013.08.10"]
[Round "4.6"]
[White "Ketola, Ville"]
[Black "Harju, Jukka"]
[Result "1-0"]
[WhiteElo "2109"]
[BlackElo "2079"]
[PlyCount "103"]
[EventDate "2013.04.06"]
[EventType "team-k.o."]
[EventRounds "6"]
[EventCountry "FIN"]
[SourceTitle "EXT 2022"]
[Source "ChessBase"]
[SourceDate "2021.10.06"]
[SourceVersion "1"]
[SourceVersionDate "2021.10.06"]
[SourceQuality "1"]
[WhiteTeam "Vammala SK"]
[BlackTeam "Tampere Tammer II"]
[WhiteTeamCountry "FIN"]
[BlackTeamCountry "FIN"]

1. e4 e6 2. d4 d5 3. Nc3 Bb4 4. e5 Qd7 5. a3 Bf8 6. Nce2 b6 7. Nf3 Ba6 8. Ng3 Bxf1 9. Nxf1 c5 10. c3 cxd4 11. cxd4 Qb5 12. Ng3 Nc6 13. Ne2 Na5 14. b4 Nc4 15. 0-0 Ne7 16. h4 Nc8 17. Nf4 a5 18. bxa5 bxa5 19. Ng5 Ra6 20. Qh5 g6 21. Qf3 Qd7 22. Nd3 h6 23. Qf6 Rg8 24. Nh7 Be7 25. Qf3 Rh8 26. Nf6+ Bxf6 27. Qxf6 Rh7 28. Nc5 Qb5 29. a4 Qc6 30. Nxa6 Qxa6 31. Ba3 Qc6 32. Rfb1 Kd7 33. Bc5 Nd2 34. Rb5 Ne4 35. Qf3 f5 36. exf6 Rf7 37. Qf4 Nc3 38. Qxh6 e5 39. Qxg6 Ke6 40. Qg4+ Kxf6 41. dxe5+ Kxe5 42. Qd4+ Kf5 43. Qxc3 Nd6 44. Qh3+ Kg6 45. h5+ Kh7 46. Bxd6 Qc2 47. Qg3 Rg7 48. Qf3 Rd7 49. Qxd5 Qc3 50. Qf5+ Kg7 51. Qxd7+ Kh6 52. Bf8+ 1-0

[Event "Heart of Finland op 23rd"]
[Site "Jyvaskyla"]
[Date "2013.07.14"]
[Round "9"]
[White "Koykka, Pekka"]
[Black "Ketola, Ville"]
[Result "1-0"]
[WhiteElo "2250"]
[BlackElo "2113"]
[PlyCount "63"]
[EventDate "2013.07.08"]
[EventType "swiss"]
[EventRounds "9"]
[EventCountry "FIN"]
[SourceTitle "CBM 155 Extra"]
[Source "ChessBase"]
[SourceDate "2013.08.26"]
[SourceVersion "1"]
[SourceVersionDate "2013.08.26"]
[SourceQuality "1"]

1. e4 c5 2. Nf3 b6 3. Bc4 e6 4. 0-0 Bb7 5. Re1 a6 6. d3 Qc7 7. a3 Ne7 8. Nc3 Nbc6 9. Ba2 h6 10. Ne2 g5 11. c3 Ne5 12. Ng3 N7c6 13. b4 cxb4 14. axb4 Nxf3+ 15. Qxf3 Ne5 16. Qe2 Ng6 17. Nh5 Bd6 18. g3 0-0-0 19. d4 Rhg8 20. Bc4 b5 21. Bd3 f5 22. f3 Rdf8 23. Bd2 Nf4 24. gxf4 gxf4+ 25. Kh1 fxe4 26. Bxe4 Rg5 27. c4 Rxh5 28. cxb5 Rxb5 29. Rec1 Bc6 30. Rxa6 Rb6 31. Rxb6 Qxb6 32. b5 1-0

[Event "Heart of Finland op 23rd"]
[Site "Jyvaskyla"]
[Date "2013.07.08"]
[Round "1"]
[White "Jarvenpaa, Jari"]
[Black "Ketola, Ville"]
[Result "1-0"]
[WhiteElo "2271"]
[BlackElo "2113"]
[PlyCount "79"]
[EventDate "2013.07.08"]
[EventType "swiss"]
[EventRounds "9"]
[EventCountry "FIN"]
[SourceTitle "EXT 2022"]
[Source "ChessBase"]
[SourceDate "2021.10.06"]
[SourceVersion "1"]
[SourceVersionDate "2021.10.06"]
[SourceQuality "1"]

1. e4 c5 2. c3 Nf6 3. e5 Nd5 4. Nf3 Nc6 5. d4 cxd4 6. cxd4 e6 7. Bc4 Nb6 8. Bd3 d6 9. Nc3 dxe5 10. dxe5 Nb4 11. Bb5+ Bd7 12. 0-0 N4d5 13. Bxd7+ Qxd7 14. Ne4 h6 15. Nd4 0-0-0 16. Qe2 f6 17. Nb5 Kb8 18. exf6 a6 19. fxg7 Bxg7 20. Nbc3 Rhg8 21. Be3 Be5 22. g3 Rdf8 23. Bxb6 Nxb6 24. Rad1 Qc7 25. Kh1 Qc6 26. Kg1 Rf5 27. Nd6 Bxd6 28. Qxe6 Qc8 29. Qxd6+ Ka7 30. Qd4 Rh5 31. Na4 Qh3 32. Qxb6+ Ka8 33. Rd8+ Rxd8 34. Qxd8+ Ka7 35. Qd4+ b6 36. Qxb6+ Ka8 37. Qxa6+ Kb8 38. Qb6+ Ka8 39. Qc6+ Kb8 40. Qg2 1-0

[Event "FIN Team Cup"]
[Site "Finland"]
[Date "2013.04.28"]
[Round "2.3"]
[White "Kastinen, Riku"]
[Black "Ketola, Ville"]
[Result "0-1"]
[WhiteElo "2029"]
[BlackElo "2109"]
[PlyCount "62"]
[EventDate "2013.04.06"]
[EventType "team-k.o."]
[EventRounds "6"]
[EventCountry "FIN"]
[SourceTitle "EXT 2022"]
[Source "ChessBase"]
[SourceDate "2021.10.06"]
[SourceVersion "1"]
[SourceVersionDate "2021.10.06"]
[SourceQuality "1"]
[WhiteTeam "Hameenlinna"]
[BlackTeam "Vammala SK"]
[WhiteTeamCountry "FIN"]
[BlackTeamCountry "FIN"]

1. d4 Nf6 2. Nf3 d5 3. c4 c6 4. e3 Bg4 5. cxd5 Qxd5 6. Be2 e6 7. Nc3 Qa5 8. Bd2 Be7 9. Qb3 Qb6 10. Qc2 0-0 11. h3 Bh5 12. 0-0 Nbd7 13. Ne5 Bxe2 14. Nxd7 Nxd7 15. Nxe2 c5 16. Bc3 Rac8 17. Qa4 Nf6 18. dxc5 Qxc5 19. Ng3 b5 20. Qb3 Qc6 21. Rac1 Qb7 22. Bd4 a5 23. a4 b4 24. Rfd1 Rfd8 25. Rxc8 Rxc8 26. Be5 Nd7 27. Bd6 Nc5 28. Bxc5 Rxc5 29. e4 g6 30. Qe3 Qc6 31. Qh6 Bg5 0-1

[Event "Helsinki Eastern 3rd Group M"]
[Site "Helsinki"]
[Date "2013.03.28"]
[Round "1"]
[White "Ketola, Ville"]
[Black "Parkkinen, Jyrki"]
[Result "1/2-1/2"]
[WhiteElo "2111"]
[BlackElo "2190"]
[PlyCount "111"]
[EventDate "2013.03.28"]
[EventType "tourn"]
[EventRounds "7"]
[EventCountry "FIN"]
[SourceTitle "EXT 2022"]
[Source "ChessBase"]
[SourceDate "2021.10.06"]
[SourceVersion "1"]
[SourceVersionDate "2021.10.06"]
[SourceQuality "1"]

1. e4 c6 2. d4 d5 3. Nc3 dxe4 4. Nxe4 Nf6 5. Ng5 Bf5 6. Bd3 Bxd3 7. Qxd3 e6 8. N1f3 h6 9. Nh3 Bd6 10. Bf4 Bxf4 11. Nxf4 Qd6 12. Ne5 Nbd7 13. Qe3 Nd5 14. Nxd5 Qxd5 15. 0-0 Nxe5 16. dxe5 0-0-0 17. Qxa7 Qxe5 18. Rae1 Qb8 19. Qa3 Rd4 20. c3 Rd2 21. Re4 Rhd8 22. Ra4 Kd7 23. Re1 Qe5 24. Rf1 Ke8 25. Ra8 Qb5 26. Rxd8+ Rxd8 27. g3 Rd2 28. b3 Qa6 29. Qc5 Rxa2 30. Qe5 g6 31. Rd1 Qb6 32. Qb8+ Ke7 33. Qd6+ Ke8 34. Qb8+ Ke7 35. Qd6+ Ke8 36. Qf4 Ra5 37. Qxh6 Rd5 38. Ra1 Qxb3 39. Qh8+ Ke7 40. Qh4+ g5 41. Qh8 Rd1+ 42. Rxd1 Qxd1+ 43. Kg2 g4 44. Qh4+ Kd7 45. Qf6 Qd5+ 46. Kg1 Qf5 47. Qd4+ Kc7 48. Qb4 c5 49. Qa5+ b6 50. Qa7+ Kc6 51. Qa4+ Kd5 52. Qb3+ Ke4 53. Qb1+ Kd5 54. Qb3+ Ke4 55. Qb1+ Kd5 56. Qb3+ 1/2-1/2

[Event "Mikkeli We MikkSK"]
[Site "Mikkeli"]
[Date "2013.??.??"]
[Round "3"]
[White "Sassi, Pekka"]
[Black "Ketola, Ville"]
[Result "1/2-1/2"]
[WhiteElo "2069"]
[BlackElo "2111"]
[PlyCount "103"]
[EventDate "2013.??.??"]
[EventType "swiss"]
[EventRounds "5"]
[EventCountry "FIN"]
[SourceTitle "EXT 2022"]
[Source "ChessBase"]
[SourceDate "2021.10.06"]
[SourceVersion "1"]
[SourceVersionDate "2021.10.06"]
[SourceQuality "1"]

1. c4 b6 2. Nc3 Nf6 3. e4 Bb7 4. d3 e6 5. Nf3 d6 6. g3 Nbd7 7. Bg2 Be7 8. 0-0 0-0 9. Re1 c5 10. b3 Ng4 11. d4 Bf6 12. Bb2 Rb8 13. Nb5 Be7 14. Nxa7 Ndf6 15. d5 e5 16. Nb5 Ne8 17. Nh4 Bxh4 18. Qxg4 Be7 19. Qe2 Bc8 20. f4 f6 21. Rf1 Rb7 22. Rf2 Nc7 23. Nxc7 Rxc7 24. f5 Qe8 25. g4 Bd7 26. a4 Ra7 27. Raf1 Bd8 28. Bc1 Bc8 29. Rf3 h6 30. Rg3 Kf7 31. h4 Rh8 32. Be3 Qf8 33. Qd2 Ke8 34. g5 hxg5 35. hxg5 Rf7 36. g6 Ra7 37. Rff3 Rh4 38. Qd3 Qh8 39. Rh3 Kd7 40. Bf2 Rh6 41. Be3 Rh4 42. Rxh4 Qxh4 43. Bf2 Qg5 44. Qe3 Qg4 45. Rh3 Qd1+ 46. Kh2 Kc7 47. Rh7 Kb8 48. Rh8 Rd7 49. Bf3 Qc2 50. Kg2 Kc7 51. Rh1 Re7 52. Rc1 1/2-1/2

[Event "Tampere We TammerSh 2nd"]
[Site "Tampere"]
[Date "2013.??.??"]
[Round "1"]
[White "Sorvari, Jarmo"]
[Black "Ketola, Ville"]
[Result "1-0"]
[WhiteElo "2017"]
[BlackElo "2111"]
[PlyCount "129"]
[EventDate "2013.??.??"]
[EventType "swiss"]
[EventRounds "5"]
[EventCountry "FIN"]
[SourceTitle "EXT 2022"]
[Source "ChessBase"]
[SourceDate "2021.10.06"]
[SourceVersion "1"]
[SourceVersionDate "2021.10.06"]
[SourceQuality "1"]

1. d4 Nf6 2. c4 b6 3. Nf3 e6 4. a3 Ba6 5. Qc2 Be7 6. g3 c5 7. Bg2 Bb7 8. 0-0 Be4 9. Qc3 Nc6 10. Nbd2 cxd4 11. Nxd4 Bxg2 12. Kxg2 h5 13. Nxc6 dxc6 14. Qf3 Rc8 15. Ne4 Qd4 16. Nxf6+ Bxf6 17. Qf4 Rd8 18. Rb1 Qd7 19. h4 0-0 20. Be3 c5 21. Qf3 Qa4 22. Qxh5 Qxc4 23. b3 Qa6 24. a4 Rd5 25. Qg4 g6 26. Rbd1 Rfd8 27. Rxd5 Rxd5 28. Rb1 Rh5 29. Qf3 Rf5 30. Qg4 Qb7+ 31. f3 Qd5 32. Qc4 Re5 33. Kf2 Qd7 34. Qg4 Rh5 35. Rc1 Rd5 36. Rh1 Rh5 37. Rc1 Qd5 38. Rc4 Qd1 39. b4 cxb4 40. Rc8+ Kg7 41. Qxb4 Rc5 42. Rxc5 bxc5 43. Bxc5 Qh1 44. Qb8 Kh7 45. Bxa7 Bc3 46. Qc7 Qe1+ 47. Kg2 Qxe2+ 48. Bf2 Be1 49. Qxf7+ Kh8 50. Qe8+ Kh7 51. Qd7+ Kg8 52. Qd4 Qa2 53. Qe3 Bxf2 54. Qxf2 Qxa4 55. Qe3 Qa2+ 56. Kh3 Qc4 57. Qe4 Qf1+ 58. Kg4 Kf7 59. Qe5 Qd1 60. Qf4+ Kg7 61. h5 gxh5+ 62. Kxh5 Qh1+ 63. Kg4 Qb1 64. Qe5+ Kf7 65. f4 1-0

[Event "FIN-chT 1213"]
[Site "Finland"]
[Date "2012.10.28"]
[Round "5.7"]
[White "Salokangas, Hannu"]
[Black "Ketola, Ville"]
[Result "1/2-1/2"]
[WhiteElo "2182"]
[BlackElo "2114"]
[PlyCount "47"]
[EventDate "2012.09.28"]
[EventType "team-tourn"]
[EventRounds "11"]
[EventCountry "FIN"]
[SourceTitle "EXT 2013"]
[Source "ChessBase"]
[SourceDate "2012.11.22"]
[SourceVersion "1"]
[SourceVersionDate "2012.11.22"]
[SourceQuality "1"]
[WhiteTeam "Tammer Shakki"]
[BlackTeam "Sastamala VammSK"]
[WhiteTeamCountry "FIN"]
[BlackTeamCountry "FIN"]

1. d4 Nf6 2. c4 e5 3. dxe5 Ng4 4. Nf3 Nc6 5. Bf4 Bb4+ 6. Nbd2 Qe7 7. e3 0-0 8. a3 Bxd2+ 9. Qxd2 Ngxe5 10. Be2 d6 11. 0-0 Re8 12. Qc3 Bg4 13. Nxe5 Bxe2 14. Nxc6 bxc6 15. Rfe1 Bg4 16. e4 Be6 17. Rac1 a5 18. c5 d5 19. exd5 cxd5 20. Qg3 c6 21. Be5 f6 22. Bd4 Qf7 23. h3 Qg6 24. Qxg6 1/2-1/2

[Event "Naantali op"]
[Site "Naantali"]
[Date "2012.07.04"]
[Round "4"]
[White "Lehtivaara, Petri"]
[Black "Ketola, Ville"]
[Result "1-0"]
[WhiteElo "2320"]
[BlackElo "2111"]
[PlyCount "105"]
[EventDate "2012.07.02"]
[EventType "swiss"]
[EventRounds "9"]
[EventCountry "FIN"]
[SourceTitle "CBM 149 Extra"]
[Source "ChessBase"]
[SourceDate "2012.08.24"]
[SourceVersion "1"]
[SourceVersionDate "2012.08.24"]
[SourceQuality "1"]

1. d4 Nf6 2. Nf3 d5 3. c4 Bf5 4. cxd5 Bxb1 5. Qa4+ Nbd7 6. Rxb1 Nxd5 7. e4 N5b6 8. Qb3 e6 9. Be3 Bd6 10. Be2 0-0 11. 0-0 c6 12. Rfd1 h6 13. h3 Rb8 14. Qc2 Qe7 15. e5 Bc7 16. Qe4 Rfd8 17. Bd3 Nf8 18. Qg4 f5 19. exf6 Qxf6 20. Re1 Rd5 21. Bc2 Re8 22. Bb3 Rb5 23. Nd2 Nd5 24. Ne4 Qg6 25. Bc4 Nxe3 26. Qxg6 Nxg6 27. Rxe3 Bf4 28. Re2 Rb4 29. b3 Rd8 30. a3 Rb6 31. Rd1 Kh8 32. Nc5 Bd6 33. Na4 Nf4 34. Re4 Nd5 35. Rxe6 Bxa3 36. Nxb6 axb6 37. Rde1 Nf6 38. Ra1 Bb2 39. Ra7 b5 40. Be2 Rxd4 41. Rxb7 Rd2 42. Rb8+ Kh7 43. Re3 Kg6 44. Bd3+ Kg5 45. Rd8 Rd1+ 46. Kh2 Nd5 47. Rf3 g6 48. g3 Re1 49. Rd6 Ne7 50. h4+ Kg4 51. Rf4+ Kh5 52. Re4 Nf5 53. Rxe1 1-0

[Event "Naantali op"]
[Site "Naantali"]
[Date "2012.07.03"]
[Round "3"]
[White "Ketola, Ville"]
[Black "Jarvenpaa, Jari"]
[Result "0-1"]
[WhiteElo "2111"]
[BlackElo "2261"]
[PlyCount "54"]
[EventDate "2012.07.02"]
[EventType "swiss"]
[EventRounds "9"]
[EventCountry "FIN"]
[SourceTitle "CBM 149 Extra"]
[Source "ChessBase"]
[SourceDate "2012.08.24"]
[SourceVersion "1"]
[SourceVersionDate "2012.08.24"]
[SourceQuality "1"]

1. c4 c5 2. g3 Nc6 3. Bg2 g6 4. Nc3 Bg7 5. d3 e6 6. e4 Nge7 7. Be3 d6 8. Nge2 Nd4 9. 0-0 0-0 10. Qd2 Nec6 11. Bh6 a6 12. Bxg7 Kxg7 13. f4 f5 14. Rae1 Rb8 15. Kh1 Bd7 16. Ng1 b5 17. Nh3 Qa5 18. exf5 gxf5 19. cxb5 axb5 20. Qd1 b4 21. Qh5 bxc3 22. Qg5+ Kh8 23. Qh6 Rf7 24. Ng5 Rg7 25. bxc3 Qxc3 26. Qf6 Kg8 27. Nxe6 Rg6 0-1

[Event "Tampere We TammerSh 2nd"]
[Site "Tampere"]
[Date "2012.??.??"]
[Round "1"]
[White "Ketola, Ville"]
[Black "Alkkiomaki, Jyrki"]
[Result "0-1"]
[WhiteElo "2121"]
[BlackElo "2038"]
[PlyCount "66"]
[EventDate "2012.??.??"]
[EventType "swiss"]
[EventRounds "5"]
[EventCountry "FIN"]
[SourceTitle "EXT 2022"]
[Source "ChessBase"]
[SourceDate "2021.10.06"]
[SourceVersion "1"]
[SourceVersionDate "2021.10.06"]
[SourceQuality "1"]

1. e4 e5 2. Nf3 Nc6 3. d4 exd4 4. c3 d5 5. exd5 Qxd5 6. cxd4 Nf6 7. Nc3 Bb4 8. Be2 Ne4 9. Bd2 Bxc3 10. bxc3 Nxd2 11. Qxd2 0-0 12. 0-0 Bf5 13. Rfe1 Rad8 14. c4 Qd6 15. d5 Ne5 16. Nxe5 Qxe5 17. Qa5 b6 18. Qa3 Qd6 19. Qf3 Bg6 20. h4 h6 21. h5 Bh7 22. Bd1 Rfe8 23. Ba4 Rxe1+ 24. Rxe1 Qb4 25. Re8+ Rxe8 26. Bxe8 Qe1+ 27. Kh2 Qxe8 28. Qf4 Qe7 29. g3 Qg5 30. Qf3 Qf5 31. Qe3 Qe4 32. Qd2 Qf3 33. Qe1 Be4 0-1